| 000 | 00857nam a2200265 4500 | ||
|---|---|---|---|
| 003 | OSt | ||
| 005 | 20240201144838.0 | ||
| 008 | 240119s2019 mx adb|f |||| 001 0 spa d | ||
| 040 |
_erda _cCHAp |
||
| 082 | 0 | 0 |
_222 _a338.173150972 _bM23 |
| 245 | 0 | 0 |
_aMaíz para México: _bplan estratégico 2030 / _ceditado por Rebeca López Perea |
| 264 | 1 |
_aMéxico: _bCIMMYT, _c2019. |
|
| 300 |
_a145 páginas: _bIlustraciones, cuadros, gráficas, mapas, tablas |
||
| 336 |
_2rdacontent _atexto _btxt |
||
| 337 |
_2rdamedia _asin medio _bn |
||
| 338 |
_2rdacarrier _avolumen _bnc |
||
| 504 | _aIncluye índice | ||
| 650 | 4 |
_970888 _aMaíz _xAspectos económicos _zMéxico |
|
| 650 | 4 |
_970949 _aMaíz _xEstadísticas |
|
| 650 | 4 |
_9128410 _aMaíz _xProducción _zMéxico |
|
| 700 | 1 |
_9188541 _aLópez Perea, Rebeca _eeditor |
|
| 942 | _2ddc | ||
| 942 | _2ddc | ||
| 942 | _cLIBRO | ||
| 999 |
_c219566 _d219566 |
||